South Yorkshire Places - Sudden Death - Statistics

General Stats
  • This quiz has been taken 73 times
  • The average score is 7 of 12
Answers on the Grid
Answers color-coded by a green-red scale on the quiz's grid according to % correct below.
Askern
Barnsley
Bolton
Bradford
Chesterfield
Congleton
Doncaster
Grimsby
Lowestoft
Maltby
Mansfield
Mexborough
Minehead
Newark-on-Trent
Newton Aycliffe
Penistone
Rotherham
Sheffield
Shrewsbury
Stainforth
Stocksbridge
Thorne
Wombwell
Yeovil
 
Answer Stats
Answer % Correct
Sheffield
77%
Doncaster
73%
Rotherham
70%
Barnsley
64%
Penistone
55%
Maltby
52%
Mexborough
52%
Askern
48%
Wombwell
48%
Stainforth
45%
Stocksbridge
43%
Thorne
43%
No matching quizzes found
Score Distribution
Percent of People with Each Score
Percentile by Number Answered
Your Score History
You have not taken this quiz